000
00287nam a2200109Ia 4500
008
230907s9999||||xx |||||||||||||| ||und||
082
_a
3.3
_b
KLE
100
_a
Klee, Harold,
_9
94021
245
0
_a
Simulation of dynamic systems with MATLAB and Simulink /
300
_a
832 p.
942
_c
BK
999
_c
599604
_d
599604